Fourth five year plan, India, 1969-74 (Record no. 494354)

000 -LEADER
fixed length control field 00293cam a22001097a 4500
008 - FIXED-LENGTH DATA ELEMENTS--GENERAL INFORMATION
fixed length control field 180718b1974 xxu||||| |||| 00| 0 eng d
082 ## - DEWEY DECIMAL CLASSIFICATION NUMBER
Classification number T000x54 In2/69
245 ## - TITLE STATEMENT
Title Fourth five year plan, India, 1969-74
260 ## - PUBLICATION, DISTRIBUTION, ETC.
Place of publication, distribution, etc. New Delhi
Name of publisher, distributor, etc.
Date of publication, distribution, etc. 1974
300 ## - PHYSICAL DESCRIPTION
Extent 357p.
650 ## - SUBJECT ADDED ENTRY--TOPICAL TERM
Topical term or geographic name entry element Gujarat -- Economic policy
Holdings
Withdrawn status Lost status Damaged status Not for loan Permanent Location Current Location Date acquired Full call number Barcode Date last seen Price effective from Koha item type
        Indian Institute of Public Administration Indian Institute of Public Administration 2018-08-04 T000x54 In2/69 GG12675 2018-08-04 2018-08-04 GG

Powered by Koha